Amoris Laetitia. (Record n. 359622)

Dettagli MARC
000 -LEADER
campo di controllo lung. fissa 01556nam a22002057a 4500
003 - Identificatore del numero di controllo
campo di controllo IT-MiCISF
005 - Data e orario dell'ultima transazione
campo di controllo 20230221155047.0
008 - Elementi di lunghezza fissa--Informazione generale
campo di controllo lung. fissa 230221b |||||||| |||| 00| 0 eng d
040 ## - Fonte della catalogazione
Agenzia che fa la trascrizione IT-MiCISF
041 ## - Codice di lingua
Codice di lingua del testo/traccia sonora o titolo separato italiano
100 ## - Accesso principale -- nome di persona
Nome di persona Papa Francesco
9 (RLIN) 56461
245 ## - Formulazione del titolo
Titolo Amoris Laetitia.
Complemento del titolo Esortazione apostolica sull'amore nella famiglia
260 ## - Pubblicazione, distribuzione, ecc. (stampa)
Luogo di pubblicazione, distribuzione, ecc. Cinisello B. (MI),
Nome dell'editore, distributore, ecc. San Paolo,
Data di pubblicazione, distribuzione, ecc. 2016
300 ## - Descrizione fisica
Estensione pp. 303
500 ## - Nota generale
Nota generale pastorale-familiare, famiglia, vocazione, amore-coniugale, spiritualità-coniugale
520 ## - Riassunto, ecc.
Nota di riassunto, ecc. L’Esortazione apostolica Amoris Laetitia è l’espressione del pensiero di Papa Francesco sui temi della famiglia. Particolarmente attesa sia negli ambienti ecclesiastici sia in quelli laici, dai sostenitori di Papa Francesco come dai detrattori, dai “progressisti” e dai conservatori, l’esortazione spiazza un po’ tutti, spariglia le carte, dà risposte ponendo domande. <br/>I temi riguardanti famiglia, coppia e sessualità rivestono da sempre per la Chiesa un’importanza cruciale e Papa Francesco non ha avuto remore a far passare buona parte della “riforma” della chiesa da questo crogiolo delicatissimo e pieno di insidie. Il momento era maturo: ben due Sinodi dedicati a questi temi, le recenti leggi sulle coppie di fatto in Europa e soprattutto in Italia, l’incalzare di movimenti disparati, la vivacità dei social network nello schierare opposte fazioni… mancava la parola definitiva di Papa Francesco.<br/>
650 ## - Accesso aggiunto di soggetto--termine topico
Termine topico o nome geografico come accesso pastorale-familiare
9 (RLIN) 56039
654 ## - Accesso aggiunto di soggetto--termini topici faccettati
Termine principale sussidio
942 ## - Dati aggiuntivi (Koha)
Fonte della classificazione o dello schema di collocazione (segnatura) Dewey Decimal Classification
Tipo copia default (Koha) LIBRO
Dati di copia
Ritirato (status) Perso (status) Fonte della classificazione o dello schema di collocazione (segnatura) Danneggiato (status) Non per il presito Biblioteca proprietaria Biblioteca in cui si trova Data d'acquisizione Totale prestiti Collocazione Codice a barre Data ultima operazione Prezzo in vigore dal Tipo copia default (Koha)
    Dewey Decimal Classification Buone Condizioni Not For Loan CISF - Milano CISF - Milano 21/02/2023   B7755 9788821598043 21/02/2023 21/02/2023 LIBRO
CREDITS: SOCIETA' SAN PAOLO Via A.Severo, 58 - ROMA (RM) & PERIODICI SAN PAOLO SRL Via Giotto, 36 MILANO & CISF Via Giotto, 36 MILANO & EDIZIONI SAN PAOLO SRL,  Piazza Soncino, 5 CINISELLO BALSAMO (MI) -- ITALY